Statistics for Premier League Dutch Best Scorer by Year

Click here to take the quiz!

General Stats

  • This quiz has been taken 387 times
    (188 since last reset)
  • The average score is 8 of 17

Answer Stats

Scorer% Correct
Robin van Persie
91%
Virgil van Dijk
91%
Cody Gakpo
84%
Ruud van Nistelrooy
81%
Dennis Bergkamp
76%
Georginio Wijnaldum
76%
Dirk Kuyt
74%
Jimmy Floyd Hasselbaink
63%
Marc Overmars
43%
Steven Bergwijn
39%
Anwar El Ghazi
28%
Ryan Babel
20%
Patrick van Aanholt
17%
Leroy Fer
14%
Bryan Roy
12%
Ken Monkou
5%
Michel Vonk
4%

Score Distribution

Percentile by Number Answered

Percent of People with Each Score

Your Score History

You have not taken this quiz since the last reset